Can it rain cats and dogs? : (Record no. 6663)
[ view plain ]
| 000 -LEADER | |
|---|---|
| fixed length control field | 01062nam a22003017a 4500 |
| 001 - CONTROL NUMBER | |
| control field | 6663 |
| 003 - CONTROL NUMBER IDENTIFIER | |
| control field | FISKH |
| 005 - DATE AND TIME OF LATEST TRANSACTION | |
| control field | 20250825134036.0 |
| 008 - FIXED-LENGTH DATA ELEMENTS--GENERAL INFORMATION | |
| fixed length control field | 250519b cb ||||| |||| 00| 0 eng d |
| 020 ## - INTERNATIONAL STANDARD BOOK NUMBER | |
| International Standard Book Number | 9780439085731 |
| 040 ## - CATALOGING SOURCE | |
| Original cataloging agency | FISKH |
| Language of cataloging | eng |
| Transcribing agency | FISKH |
| Modifying agency | FISKH |
| 050 ## - LIBRARY OF CONGRESS CALL NUMBER | |
| Classification number | QC981 .B465 |
| 082 ## - DEWEY DECIMAL CLASSIFICATION NUMBER | |
| Classification number | 551.5 |
| 100 ## - MAIN ENTRY--PERSONAL NAME | |
| Personal name | Berger, Melvin |
| Dates associated with a name | (1927-) |
| 245 ## - TITLE STATEMENT | |
| Title | Can it rain cats and dogs? : |
| Remainder of title | Question & answers about weather / |
| Statement of responsibility, etc. | By Melvin and Gilda Berger ; Illustrated by Robert Sullivan |
| 250 ## - EDITION STATEMENT | |
| Edition statement | This edition first published in 1999 |
| 260 ## - PUBLICATION, DISTRIBUTION, ETC. | |
| Place of publication, distribution, etc. | New York : |
| Name of publisher, distributor, etc. | Scholastic, |
| Date of publication, distribution, etc. | 1999 |
| 300 ## - PHYSICAL DESCRIPTION | |
| Extent | 48 pages : |
| Other physical details | color illustrations ; |
| Dimensions | 21 x 26 cm |
| 505 ## - FORMATTED CONTENTS NOTE | |
| Formatted contents note | R<br/> |
| 520 ## - SUMMARY, ETC. | |
| Summary, etc. | Provides answers to such questions about the weather as "What makes the weather?", "Does air have weight?", "How big are hailstones?", and "What is El Niño?"<br/> |
| 521 8# - TARGET AUDIENCE NOTE | |
| Target audience note | 670<br/> |
| Source | Lexile<br/> |
| 521 8# - TARGET AUDIENCE NOTE | |
| Target audience note | R<br/> |
| Source | Raz-Plus<br/> |
| 650 ## - SUBJECT ADDED ENTRY--TOPICAL TERM | |
| Source of heading or term | Science |
| Topical term or geographic name entry element | Climate |
| 650 ## - SUBJECT ADDED ENTRY--TOPICAL TERM | |
| Source of heading or term | Earth science |
| Topical term or geographic name entry element | Weather |
| 700 ## - ADDED ENTRY--PERSONAL NAME | |
| Personal name | Sullivan, Robert |
| Dates associated with a name | illustrator |
| 942 ## - ADDED ENTRY ELEMENTS (KOHA) | |
| Source of classification or shelving scheme | Dewey Decimal Classification |
| Koha item type | Books |
| Suppress in OPAC | No |
| Withdrawn status | Lost status | Source of classification or shelving scheme | Damaged status | Not for loan | Collection | Home library | Current library | Shelving location | Date acquired | Total Checkouts | Full call number | Barcode | Date last seen | Copy number | Price effective from | Koha item type | Date due | Date last checked out |
|---|---|---|---|---|---|---|---|---|---|---|---|---|---|---|---|---|---|---|
| Dewey Decimal Classification | Non-Fiction | Footprints International School Library Network Toul Kork Campus | Footprints International School Library Network Toul Kork Campus | TK Primary Library Room(4th Floor), Bookcase 5&6, Shelves 33-56, Orange Books | 07/07/2025 | 1 | BER 551.5 QC981 .B465 | FISTK01754 | 12/09/2025 | 2 | 07/07/2025 | Books | 12/23/2025 | 12/09/2025 | ||||
| Dewey Decimal Classification | Non-Fiction | Footprints International School Library Network Toul Tom Poung Campus | Footprints International School Library Network Toul Kork Campus | TTP Primary Orange Bookshelves | 08/25/2025 | 1 | BER 551.5 QC981 .B465 | FIS04940 | 12/18/2025 | 3 | 08/25/2025 | Books | 01/01/2026 | 12/18/2025 | ||||
| Dewey Decimal Classification | Non-Fiction | Footprints International School Library Network Toul Tom Poung Campus | Footprints International School Library Network Toul Tom Poung Campus | TTP Primary Orange Bookshelves | 05/19/2025 | BER 551.5 QC981 .B465 | 2025-1327 | 05/19/2025 | 1 | 05/19/2025 | Books |
